| 000 | 01280nam a2200265Ia 4500 | ||
|---|---|---|---|
| 999 |
_c39781 _d39781 |
||
| 001 | 6386 | ||
| 003 | GE_BSU | ||
| 005 | 20191210122203.0 | ||
| 008 | 181216s2012||||ge |||||||||||||| ||geo|| | ||
| 020 | _a9789941175817 | ||
| 040 | _cGE_BSU | ||
| 041 | _ageo | ||
| 080 | _a31(075.8)+338.48(075.8) ა-13 | ||
| 100 |
_aაბესაძე, ნინო _92811 |
||
| 245 |
_aტურიზმის სტატისტიკა : _bნ.1. სახელმძღვანელო / _cნინო აბესაძე, რუსუდან ქინქლაძე, ქეთევან ჩიტალაძე ; რედ. სიმონ გელაშვილი. |
||
| 264 |
_aთბილისი : _bუნივერსალი, _c2012. |
||
| 300 |
_a389 გვ.; _b20 სმ. |
||
| 653 | _aსტატისტიკა | ||
| 653 | _aტურიზმის ეკონომიკა | ||
| 653 | _aტურიზმის სტატისტიკა | ||
| 700 |
_aქინქლაძე, რუსუდან _eავტორი _95755 |
||
| 700 |
_aჩიტალაძე, ქეთევან _eავტორი _95756 |
||
| 700 |
_aგელაშვილი, სიმონ _eრედაქტორი _95080 |
||
| 942 |
_cBK _2udc |
||